000 01092pam a2200289 a 4500
999 _c23758
_d23758
001 1179096
003 NUST
005 20170608120808.0
008 970110s1997 nyua b 001 0 eng
010 _a 97004055
020 _a0070481881 (acidfree paper)
040 _aDLC
_cRCMS
_dDLC
050 0 0 _aTA168
_b.O55 1997
082 0 0 _a620/.001/1 OLI
_221
100 1 _aDavid W. Oliver, Timothy P. Kelliher, James G. Keegan, Jr.
_92279
245 1 0 _aEngineering complex systems with models and objects /
_cDavid W. Oliver
260 _aNew York :
_bMcGraw-Hill,
_cc1997.
300 _axix, 325 p. :
_bill. ;
_c24 cm.
440 _aComputing McGraw-Hill
_92280
504 _aIncludes bibliographical references and index.
538 _iShelf No 1 Row No 4
650 0 _aSystems engineering.
_91386
650 0 _aSystem analysis.
_92233
700 1 _aKelliher, Timothy P.
_92281
700 1 _aKeegan, James G.
_92282
856 _3Table of Content Only
906 _a7
_bcbc
_corignew
_d1
_eocip
_f19
_gy-gencatlg
942 _2ddc
_cBK